Sketching User Experiences : Getting the Design Right and the Right Design /
Salvato in:
| Autore principale: | |
|---|---|
| Natura: | Libro |
| Lingua: | inglese |
| Pubblicazione: |
San Francisco :
Morgan Kaufmann Publishers / Elsevier,
2007
|
| Edizione: | 1. vydanie |
| Soggetti: | |
| Tags: |
Nessun Tag, puoi essere il primo ad aggiungerne!!
|
MARC
| LEADER | 00000nam a22000003a 4500 | ||
|---|---|---|---|
| 001 | 0090207 | ||
| 003 | SK-STU | ||
| 005 | 20210912124347.8 | ||
| 007 | ta | ||
| 008 | 210909s ----xo-----e------000-0-----d | ||
| 020 | |a 978-0-12-374037-3 | ||
| 040 | |a STU |b slo | ||
| 041 | 0 | |a eng | |
| 044 | |a xxu | ||
| 100 | 1 | |a Buxton, Bill | |
| 245 | 1 | 0 | |a Sketching User Experiences : |b Getting the Design Right and the Right Design / |c Bill Buxton |
| 250 | |a 1. vydanie | ||
| 260 | |a San Francisco : |b Morgan Kaufmann Publishers / Elsevier, |c 2007 | ||
| 300 | |a 443 s. | ||
| 650 | 0 | 7 | |a skica |
| 650 | 0 | 7 | |a dizajnérska kresba |
| 650 | 0 | 7 | |a user experience design |
| 650 | 0 | 7 | |a dizajn produktový |
| 650 | 0 | 7 | |a priemyselný dizajn |
| 996 | |b 284AU08988 |c A* 12268/U |l AAKNST |s P |a 0 |w 0090207_0001 | ||
| 996 | |b 284AU08989 |c A* 12269/U |l AAKNAR |s A |a 24 |w 0090207_0002 | ||